STN EN 1799: 2001 (73 2114), Výrobky a systémy na ochranu a opravu betónových konštrukcií. Skúšobné metódy. Skúšky vhodnosti použitia konštrukčných adhezív na betónový povrch
Táto národná norma je identická s EN 1799: 1998
| Main Author: | |
|---|---|
| Other Authors: | |
| Format: | Book |
| Language: | Slovak English |
| PhysicalDescription: | 12 s. obr. 30 cm |
| Published: |
Bratislava
Slovenský ústav technickej normalizácie
2001
|
| Subjects: |
MARC
| LEADER | 00000cam a2200000 a 4500 | ||
|---|---|---|---|
| 001 | vtls010627393 | ||
| 003 | SK-MaSNL | ||
| 005 | 20260302053351.0 | ||
| 008 | 160429s2001 xo a f u 000 0 slo | ||
| 015 | |a SNBN2014 | ||
| 020 | |c (cen. skup. 10 ) | ||
| 040 | |a SNK |b slo |c SNK |e AACR2 | ||
| 041 | 1 | |a slo |h eng | |
| 044 | |a xo |c SK | ||
| 046 | |a s |m 200107 (účin.) | ||
| 072 | 7 | |a 624 |x Stavebné inžinierstvo |2 konspekt | |
| 072 | 7 | |a 665 |x Oleje. Tuky. Vosky. Spojivá. Živice |2 konspekt | |
| 080 | |a 624.012.4 |2 2001 | ||
| 080 | |a 006.86 |2 2001 | ||
| 080 | |a (437.6) |2 2001 | ||
| 080 | |a (4) |2 2001 | ||
| 080 | |a (083) |2 2001 | ||
| 080 | |a 665.93 |2 2001 | ||
| 084 | |a 83.180 |2 ICS | ||
| 084 | |a 91.080.40 |2 ICS | ||
| 130 | 0 | |a STN 73 2114 (SN EN 1799) |9 711256 | |
| 245 | 1 | 0 | |a STN EN 1799: 2001 (73 2114), Výrobky a systémy na ochranu a opravu betónových konštrukcií. Skúšobné metódy. Skúšky vhodnosti použitia konštrukčných adhezív na betónový povrch |
| 246 | 1 | 0 | |a Výrobky a systémy na ochranu a opravu betónových konštrukcií |
| 246 | 1 | 0 | |a Skúšobné metódy |
| 246 | 1 | 0 | |a Skúšky vhodnosti použitia konštrukčných adhezív na betónový povrch |
| 260 | |a Bratislava |b Slovenský ústav technickej normalizácie |c 2001 | ||
| 300 | |a 12 s. |b obr. |c 30 cm | ||
| 500 | |a Súbežný názov v angličtine, francúzštine, nemčine | ||
| 500 | |a Spracovateľ: Slovenská spoločnosť pre technickú normalizáciu Bratislava, Ivan Horák ; SÚTN Bratislava Henrieta Tölgyessyová | ||
| 504 | |a Citované normy a súvisiace právne predpisy s. 2 | ||
| 520 | 8 | |a Táto národná norma je identická s EN 1799: 1998 | |
| 540 | |a STN vydané na akomkoľvek nosiči sa môžu rozmnožovať a rozširovať iba so súhlasom určenej právnickej osoby |b SÚTN Bratislava |c zákon 264/1999 Z. z. | ||
| 650 | 0 | 7 | |a betónové konštrukcie |2 SNKPH |9 1686 |
| 650 | 0 | 7 | |a technické normy a štandardy |z krajiny Európskej únie |2 SNKPH |9 289341 |
| 650 | 0 | 7 | |a technické normy a štandardy |z Slovensko |2 SNKPH |9 79594 |
| 650 | 0 | 7 | |a lepidlá |2 SNKPH |9 3612 |
| 650 | 0 | 7 | |a Structures in concrete |2 SNKPHeng |9 292400 |
| 650 | 0 | 7 | |a Adhesives |2 SNKPHeng |9 324331 |
| 655 | 7 | |a normy |2 SNKPH |9 70643 | |
| 700 | 1 | |a Horák, Ivan, |d 1942- |4 trl |9 131482 | |
| 700 | 1 | |a Tölgyessyová, Henrieta |c (stavebná inžinierka) |4 aut |9 28164 | |
| 710 | 2 | |a Slovenský ústav technickej normalizácie (Bratislava, Slovensko). |b Technická normalizačná komisia č. 15 Betónové konštrukcie |4 stn |9 711257 | |
| 852 | |a Štátna vedecká knižnica v Banskej Bystrici | ||
| 958 | |a OP | ||
| 958 | |a NB | ||
| 999 | |c 1109089 |d 1111019 | ||
| 952 | |a SNK |b SNK |y PREZ |7 0 |p 17A1116522 |o snkSTN EN 1799 |i snk2014/21407 |8 0 |0 0 |1 0 |4 0 |d 2014-10-10 |l 0 |r 2026-02-24 17:55:42 |w 2026-02-24 | ||
| 952 | |a SNK |b SNK |y PREZ |7 0 |p 17A1117475 |o snkSTN EN 1799 D1 |i snk2014/21408 |8 0 |0 0 |1 0 |4 0 |d 2014-10-10 |l 0 |r 2026-02-24 17:55:43 |w 2026-02-24 | ||


